| 000 | 00858nam a22002297a 4500 | ||
|---|---|---|---|
| 999 |
_c4914 _d4914 |
||
| 003 | AR-CdUCM | ||
| 008 | 190311b ||||| |||| 00| 0 spa d | ||
| 040 |
_aMUNICIPALIDAD PROVINCIAL DEL CUSCO _cBIBLIOTECA MUNICIPAL DEL CUSCO |
||
| 082 |
_a869.56 / _bC31 |
||
| 100 |
_aCarrillo Espejo, Francisco E. _915092 |
||
| 245 |
_aEn busca del tema poético : 1959-1964 / _cFrancisco Carrillo |
||
| 260 |
_aLima : _bEdiciones de la Rama florida : _bEdiciones de la biblioteca universitaria, _c1965. |
||
| 300 |
_a83 páginas ; _c19.5 cm. |
||
| 500 | _aDonación de la familia Nieto. | ||
| 650 |
_aPoesía peruana - Siglo XX _914083 |
||
| 650 |
_aPoetas peruanos _91611 |
||
| 650 |
_aLiteratura peruana _9169 |
||
| 650 |
_aFrancisco Carrillo - Poemas _915093 |
||
| 700 |
_aCuadros, Miiguel Ángel (Ilustrador) _915094 |
||
| 942 |
_2ddc _cLIBROS |
||
| 945 | _alccs | ||